000
00262nam a2200109Ia 4500
008
180117s9999 xx 000 0 und d
245
_a
Crossword
260
_c
2016
300
_a
26 pages, 2016 February 28
440
_a
Philippine Panorama
650
_a
CROSSWORD
999
_c
353524
_d
353524